Schrift und Buchmalerei der Maya-Indianer (Record no. 9182)

MARC details
000 -CABECERA
campo de control de longitud fija 00681nam a2200229 a 4500
001 - NÚMERO DE CONTROL
campo de control BRL_369
005 - FECHA Y HORA DE LA ÚLTIMA TRANSACCIÓN
campo de control 20190320210717.0
008 - DATOS DE LONGITUD FIJA--INFORMACIÓN GENERAL
campo de control de longitud fija 050813s1965----gw-a######---#000-0#ger-#
041 ## - CÓDIGO DE LENGUA
Código de lengua del texto/banda sonora o título independiente ger
044 ## - CÓDIGO DEL PAÍS DE LA ENTIDAD EDITORA/PRODUCTORA
Código MARC del país gw
050 #4 - SIGNATURA TOPOGRÁFICA DE LA BIBLIOTECA DEL CONGRESO
Número de clasificación F1435.3W75
Número de documento/Ítem .C63 1965
130 0# - ENTRADA PRINCIPAL--TÍTULO UNIFORME
Título uniforme Codice Dresdensis, 1502
9 (RLIN) 23683
245 10 - MENCIÓN DE TÍTULO
Título Schrift und Buchmalerei der Maya-Indianer
Resto del título 24 Tafeln aus dem Codex Dresdensis
Mención de responsabilidad, etc. Rolf Krusche.
260 ## - PUBLICACIÓN, DISTRIBUCIÓN, ETC.
Lugar de publicación, distribución, etc. [Alemania]
Nombre del editor, distribuidor, etc. Insel-Verlag
Fecha de publicación, distribución, etc. 1965
300 ## - DESCRIPCIÓN FÍSICA
Extensión 46 p.
Otras características físicas il. a color
Dimensiones 19 cm.
500 ## - NOTA GENERAL
Nota general Au359
650 14 - PUNTO DE ACCESO ADICIONAL DE MATERIA--TÉRMINO DE MATERIA
Término de materia o nombre geográfico como elemento de entrada Manuscritos mayas
Subdivisión de forma Facsimiles
9 (RLIN) 23684
650 14 - PUNTO DE ACCESO ADICIONAL DE MATERIA--TÉRMINO DE MATERIA
Término de materia o nombre geográfico como elemento de entrada Lenguas mayas
Subdivisión de forma Escritura
9 (RLIN) 23685
700 1# - PUNTO DE ACCESO ADICIONAL--NOMBRE DE PERSONA
Nombre de persona Krusche, Rolf
9 (RLIN) 23686
902 ## - CATALOGADOR
Iniciales GRL
942 ## - ELEMENTOS DE PUNTO DE ACCESO ADICIONAL (KOHA)
Fuente del sistema de clasificación o colocación Library of Congress Classification
Tipo de ítem Koha Libros
Holdings
Estado de retiro Estado de pérdida Estado dañado No para préstamo Localización permanente Ubicación/localización actual Fecha de adquisición Número de inventario Total de préstamos Signatura topográfica completa Código de barras Fecha visto por última vez Precio válido a partir de Tipo de ítem Koha
El ejemplar forma parte de la colección y puede ser consultado según las políticas vigentes.       Biblioteca Centro de Estudios Ruth D. Lechuga Biblioteca Centro de Estudios Ruth D. Lechuga 05/08/2013 Au359   F1435.3W75 .C63 1965 (Au359) GRL00394 22/03/2019 22/03/2019 Libros